|
|
|
|
| LEADER |
00799nam a22002412a 4500 |
| 001 |
001257539 |
| 003 |
CZ BrMZK |
| 005 |
20121015125714.0 |
| 007 |
ta |
| 008 |
121015s1974 xo er|||||||||||hun d |
| 040 |
|
|
|a BOA001
|b cze
|
| 041 |
1 |
|
|a hun
|h slo
|
| 100 |
1 |
|
|a Johanides, Ján,
|d 1934-2008
|7 jn20000603234
|4 aut
|
| 245 |
1 |
0 |
|a Lemeztelenítve /
|c Ján Johanides ; fordít. Antal Zólyomi, László Bártfai
|
| 260 |
|
|
|a Bratislava :
|b Madách,
|c 1974
|
| 300 |
|
|
|a 244 s.
|
| 700 |
1 |
|
|a Zólyomi, Antal,
|d 1902-1986
|7 mzk2010473998
|4 trl
|
| 700 |
1 |
|
|a Bártfai, László
|7 jn19981000414
|4 trl
|
| 765 |
0 |
|
|t Súkromie
|9 Maďarsky
|
| 910 |
|
|
|a BOA001
|b 2-0726.771
|
| 990 |
|
|
|a BK
|
| 991 |
|
|
|b 201210
|
| 996 |
7 |
|
|b 2619651685
|c 2-0726.771
|l Sklad H1
|r Sklad / do 24 hodin
|n 0
|h HS212
|w 001291321
|u 000010
|a 1
|e BOA001
|j MZK50
|s A
|